| 000 | 00550nam a22001817a 4500 | ||
|---|---|---|---|
| 003 | BD-DhUL | ||
| 005 | 20180816113248.0 | ||
| 008 | 180816s1934 le ||||| |||| 00| 0 ara d | ||
| 040 |
_aBD-DhUL _cBD-DhUL |
||
| 082 |
_a892.71 _bBAS |
||
| 100 | 0 | _aبیریموت | |
| 245 | 1 |
_aشاعرات العرب فی الجا ھلیة والاسلام / _cبیریموت |
|
| 250 | _a۱ ط۔ | ||
| 260 |
_aبیروت : _bالمطبعة الوطنیة، _c۱۹۳۴۔ |
||
| 300 |
_aص۔ ۲۵۰ ؛ _c۲۲ سم۔ |
||
| 650 | 4 | _aArabic literature | |
| 942 |
_2ddc _cBK |
||
| 999 |
_c243176 _d243176 |
||